00812nam a2200217 a 450000100100000000500170001000800410002704000250006808200170009310000300011024500380014025000110017826000560018930000280024549000620027350000430033583000690037804900090044795201210045699900170057700002336620200930022152.0101203s1964 fr a r 000 0 spa d aDO-SdBNPbspacBNPHU axxxxxbG846a1 aGribenski, André94813512aL´audition /cAndré Gribenski. a2a ed. aParís :bPresses Universitaires de France,c1964. a126 p. :bil. ;c18 cm.1 aQue sais-je?, le point des connaissances actuelles ;v484 aIncluye notas al pie de las páginas. 0aQue sais-je?, le point des connaissances actuelles ;n484948136 aBNGR 001054708MOaGRbGRcCTd2010-12-03iLF1l0oxxxxx G846ap23366-10r2020-06-25w2020-06-25y4ZPréstamo en sala c22863d22863